| 000 | 00738nam a2200253Ia 4500 | ||
|---|---|---|---|
| 005 | 20260429112112.0 | ||
| 008 | 260429s9999||||xx |||||||||||||| ||und|| | ||
| 020 | _a9781032405834 | ||
| 041 | _aEnglish | ||
| 082 |
_a570.285 _bPAT |
||
| 100 | _aPathak, Yashwant V. | ||
| 245 | 0 |
_aArtificial intelligence in bioinformatics and chemoinformatics / _cYashwant V. Pathak |
|
| 250 | _a1st ed. | ||
| 260 |
_aBoca Raton : _bCRC Press, _c2025. |
||
| 300 | _axiv, 260 p.; pbk | ||
| 650 | _a Bioinformatics | ||
| 650 | _a Chemoinformatics | ||
| 650 | _aArtificial intelligence | ||
| 700 | _a Patel, Jayvadan | ||
| 700 | _a Pathak, Sarvadaman | ||
| 700 | _a Prajapati, Bhupendra Gopalbhai | ||
| 700 | _a Saikia, Surovi | ||
| 942 | _cTB | ||
| 999 |
_c52362 _d52362 |
||